| 000 | 00765cam a2200241 a 4500 | ||
|---|---|---|---|
| 001 | 11885091 | ||
| 005 | 20180208031004.0 | ||
| 008 | 000110s2000 maua b 001 0 eng | ||
| 010 | _a 00021334 | ||
| 020 | _a0205316876 | ||
| 040 |
_aDLC _cDLC _dDLC |
||
| 041 | _aeng | ||
| 043 | _an-us--- | ||
| 080 | _a371.1002 | ||
| 082 | 0 | 0 |
_a371.1002 PAR _221 |
| 100 | 1 | _a46 | |
| 101 | _aEDU | ||
| 245 | 1 | 0 |
_aBecoming a teacher / _cForrest W. Parkay, Beverly Hardcastle Stanford. |
| 504 | _aIncludes bibliographical references (p. 579-592) and indexes. | ||
| 906 |
_a7 _bcbc _corignew _d1 _eocip _f20 _gy-gencatlg |
||
| 942 |
_2ddc _cBK |
||
| 999 |
_c42045 _d42045 |
||